A Lean alkalmazása, ezen belül a ciklusidő mérérse és annak haszna a MinebeaMitsumi Access Solutions Hungary Kft. vállalatnál
| Szerző: | |
|---|---|
| További közreműködők: | |
| Dokumentumtípus: | Projektmunka |
| Kulcsszavak: | alkatrészgyártás autóipar ciklus(ok) lean alapelvek logisztikai rendszer |
| Online Access: | http://dolgozattar.uni-bge.hu/59887 |
MARC
| LEADER | 00000nnm a2200000 i 4500 | ||
|---|---|---|---|
| 001 | dolg59887 | ||
| 005 | 20260409145712.0 | ||
| 008 | 260409suuuu hu o 000 hun d | ||
| 040 | |a BGE Dolgozattár Repozitórium |b hun | ||
| 041 | |a hu | ||
| 100 | 1 | |a Juhász Nimród | |
| 245 | 1 | 2 | |a A Lean alkalmazása, ezen belül a ciklusidő mérérse és annak haszna a MinebeaMitsumi Access Solutions Hungary Kft. vállalatnál |c Juhász Nimród |h [elektronikus dokumentum] |
| 516 | |a Project_work | ||
| 520 | 3 | |a Dolgozatomban a Lean menedzsment egyik legfontosabb eszközének, a ciklusidő mérésének gyakorlati alkalmazását vizsgálom a MinebeaMitsumi Access Solutions Hungary Kft. Kisbéri telephelyén. A projektmunka célja, hogy bemutassa, milyen szerepet tölt be a ciklusidő mérése a termelési hatékonyság növelésében, a veszteségek csökkentésében és a gyártási folyamatok optimalizálásában. A méréseket több gyártósoron végeztem, különös figyelmet fordítva azokra a sorokra, ahol újonnan betanított operátorok dolgoztak vagy különböző termékváltozatokat állítottak elő. Az adatok rögzítése és elemzése során olyan kulcsmutatók kerültek kiszámításra, mint az E%, a DMH és a ciklusidők stabilitása. Ezen felül bemutatom a vizuális menedzsment eszközeinek (jelölő sávok, totemek) szerepét, valamint a selejtek kezelésének és az 5S rendszer alkalmazásának gyakorlati tapasztalatait is. A projekt során szerzett ismereteim nemcsak szakmai tudásomat mélyítették el, hanem hozzájárultak a problémamegoldó képességeim fejlődéséhez is. A dolgozat végén javaslatokat fogalmazok meg a Lean eszközök további hatékony alkalmazására a vállalat működésében. | |
| 695 | |a alkatrészgyártás | ||
| 695 | |a autóipar | ||
| 695 | |a ciklus(ok) | ||
| 695 | |a lean alapelvek | ||
| 695 | |a logisztikai rendszer | ||
| 700 | 1 | |a Lipák Mária |e ths | |
| 856 | 4 | 0 | |u http://dolgozattar.uni-bge.hu/59887/1/projektmunka.pdf |z Dokumentum-elérés |
| 856 | 4 | 0 | |u http://dolgozattar.uni-bge.hu/59887/2/JuhaszBir.pdf |z Dokumentum-elérés |